[Event "Verona op-B"]
[Site "Verona"]
[Date "2019.01.05"]
[Round "5"]
[White "Mircoli, Filippo"]
[Black "Benedetti, Maurizio"]
[Result "1/2-1/2"]
[WhiteElo "1617"]
[BlackElo "1617"]
[PlyCount "88"]
[EventDate "2019.01.02"]
[EventType "swiss"]
[EventRounds "7"]
[EventCountry "ITA"]
[SourceTitle "CBM 188 Extra"]
[Source "ChessBase"]
[SourceDate "2019.02.26"]
[SourceVersion "1"]
[SourceVersionDate "2019.02.26"]
[SourceQuality "1"]

1. d4 Nf6 2. Nf3 g6 3. Nbd2 Bg7 4. e3 0-0 5. Bd3 d5 6. 0-0 Bg4 7. c3 Nc6 8. h3 Bd7 9. Re1 Re8 10. e4 dxe4 11. Nxe4 Nxe4 12. Bxe4 Qc8 13. Bf4 e5 14. Bxc6 exf4 15. Rxe8+ Qxe8 16. Bxd7 Qxd7 17. Qd2 Qb5 18. Re1 Re8 19. Rxe8+ Qxe8 20. Qxf4 c6 21. Qe3 Kf8 22. Qxe8+ Kxe8 23. Kf1 Ke7 24. Ke2 h6 25. Kd3 Kd6 26. b3 c5 27. c4 cxd4 28. Nxd4 a6 29. b4 b6 30. a4 f5 31. c5+ bxc5 32. bxc5+ Kd5 33. Nb3 Bf8 34. c6 Kxc6 35. Kc4 Bg7 36. Nd4+ Bxd4 37. Kxd4 Kb6 38. Kc4 Ka5 39. Kb3 f4 40. g3 fxg3 41. fxg3 Kb6 42. Kb4 a5+ 43. Kb3 Kc6 44. g4 g5 1/2-1/2

[Event "Verona op-B"]
[Site "Verona"]
[Date "2017.01.06"]
[Round "7.23"]
[White "Feichter, Matthias"]
[Black "Benedetti, Maurizio"]
[Result "1/2-1/2"]
[WhiteElo "1611"]
[BlackElo "1635"]
[PlyCount "32"]
[EventDate "2017.01.02"]
[EventType "swiss"]
[EventRounds "7"]
[EventCountry "ITA"]
[SourceTitle "EXT 2018"]
[Source "ChessBase"]
[SourceDate "2017.10.13"]
[SourceVersion "1"]
[SourceVersionDate "2017.10.13"]
[SourceQuality "1"]

1. e4 c5 2. Nc3 d6 3. Bb5+ Bd7 4. Bxd7+ Qxd7 5. f4 Nc6 6. Nf3 e6 7. 0-0 Nge7 8. d3 d5 9. exd5 Nxd5 10. Bd2 Nf6 11. Ne4 Nxe4 12. dxe4 Be7 13. Bc3 Qxd1 14. Raxd1 0-0 15. Rd7 Rad8 16. Rxd8 Nxd8 1/2-1/2

[Event "Verona op-B"]
[Site "Verona"]
[Date "2017.01.03"]
[Round "3.21"]
[White "Tencheni, Maurizio"]
[Black "Benedetti, Maurizio"]
[Result "1/2-1/2"]
[WhiteElo "1690"]
[BlackElo "1635"]
[PlyCount "130"]
[EventDate "2017.01.02"]
[EventType "swiss"]
[EventRounds "7"]
[EventCountry "ITA"]
[SourceTitle "EXT 2018"]
[Source "ChessBase"]
[SourceDate "2017.10.13"]
[SourceVersion "1"]
[SourceVersionDate "2017.10.13"]
[SourceQuality "1"]

1. c4 e5 2. e3 Nf6 3. b3 b6 4. Bb2 d6 5. d3 Bb7 6. Nd2 Be7 7. Ngf3 0-0 8. Be2 Nbd7 9. 0-0 Re8 10. Qc2 Bf8 11. Ng5 h6 12. Nge4 Nxe4 13. Nxe4 Nf6 14. Bf3 c6 15. Rfd1 d5 16. cxd5 cxd5 17. Ng3 Qc8 18. Rac1 Qxc2 19. Rxc2 Rac8 20. Rdc1 Bd6 21. Nf5 Rxc2 22. Rxc2 Bb8 23. Ba3 e4 24. dxe4 dxe4 25. Be2 Rd8 26. Rc1 Kh7 27. Rd1 Rxd1+ 28. Bxd1 Nd5 29. Bd6 Bxd6 30. Nxd6 Nc3 31. Bc2 Bd5 32. a3 Be6 33. Nxe4 Nxe4 34. Bxe4+ f5 35. Bc2 g5 36. f3 Kg7 37. Kf2 Kf6 38. g3 Ke5 39. f4+ gxf4 40. gxf4+ Kf6 41. Kg3 a6 42. b4 a5 43. bxa5 bxa5 44. e4 fxe4 45. Bxe4 Bd7 46. Kh4 Be8 47. Kg4 Ba4 48. Bd3 Be8 49. Kh4 Bf7 50. Kg4 Be6+ 51. Kh5 Kg7 52. f5 Bf7+ 53. Kg4 Kf6 54. Kf4 Be8 55. Bc4 Bh5 56. Bd5 Bd1 57. Be6 Bc2 58. Bd7 Bd1 59. Ke3 Bg4 60. Kd4 Bxf5 61. Bxf5 Kxf5 62. Kc5 Kg4 63. Kb5 Kh3 64. Kxa5 Kxh2 65. Kb6 Kg1 1/2-1/2

[Event "Verona Province-ch"]
[Site "Zevio Verona"]
[Date "2014.01.26"]
[Round "6"]
[White "Benedetti, Maurizio"]
[Black "Vezzelli, Daniele"]
[Result "1/2-1/2"]
[WhiteElo "1755"]
[BlackElo "1661"]
[PlyCount "23"]
[EventDate "2014.01.18"]
[EventType "swiss"]
[EventRounds "6"]
[EventCountry "ITA"]
[SourceTitle "EXT 2015"]
[Source "ChessBase"]
[SourceDate "2014.11.20"]
[SourceVersion "1"]
[SourceVersionDate "2014.11.20"]
[SourceQuality "1"]

1. e4 d5 2. exd5 Qxd5 3. Nc3 Qd6 4. d4 Nf6 5. h3 a6 6. Nf3 g6 7. Be3 Bg7 8. Qd2 b5 9. Bd3 Bb7 10. a3 0-0 11. 0-0 Bxf3 12. gxf3 1/2-1/2

[Event "Verona Province-ch"]
[Site "Zevio Verona"]
[Date "2014.01.19"]
[Round "3"]
[White "Zonta, Riccardo"]
[Black "Benedetti, Maurizio"]
[Result "1/2-1/2"]
[WhiteElo "1634"]
[BlackElo "1755"]
[PlyCount "45"]
[EventDate "2014.01.18"]
[EventType "swiss"]
[EventRounds "6"]
[EventCountry "ITA"]
[SourceTitle "EXT 2015"]
[Source "ChessBase"]
[SourceDate "2014.11.20"]
[SourceVersion "1"]
[SourceVersionDate "2014.11.20"]
[SourceQuality "1"]

1. e4 c5 2. Ne2 Nc6 3. g3 Nf6 4. Bg2 d6 5. 0-0 Bg4 6. f3 Bd7 7. c3 g6 8. d3 Bg7 9. Be3 0-0 10. Nd2 Ne5 11. Qc2 Rc8 12. Rad1 Qc7 13. h3 Bb5 14. c4 Bd7 15. Kh2 Rfe8 16. Nc3 e6 17. Ndb1 Nc6 18. b3 h5 19. f4 Nd4 20. Qd2 Bc6 21. Na3 a6 22. Nc2 Nxc2 23. Qxc2 1/2-1/2

[Event "Padova op-B 15th"]
[Site "Padova"]
[Date "2012.12.23"]
[Round "5"]
[White "Simonetto, Alessio"]
[Black "Benedetti, Maurizio"]
[Result "1-0"]
[WhiteElo "1572"]
[BlackElo "1713"]
[PlyCount "111"]
[EventDate "2012.12.15"]
[EventType "swiss"]
[EventRounds "6"]
[EventCountry "ITA"]
[SourceTitle "EXT 2015"]
[Source "ChessBase"]
[SourceDate "2014.11.20"]
[SourceVersion "1"]
[SourceVersionDate "2014.11.20"]
[SourceQuality "1"]

1. f4 d5 2. e3 Nf6 3. Nf3 e6 4. b3 c5 5. Bb2 Nc6 6. d3 b5 7. Nbd2 Be7 8. Ne5 Bb7 9. Ndf3 0-0 10. Be2 Qb6 11. Qd2 Rad8 12. Qc1 d4 13. e4 c4 14. bxc4 bxc4 15. Nxc4 Qc7 16. 0-0 Bc5 17. Kh1 Nd7 18. Nfd2 f5 19. Bf3 Ne7 20. e5 Nd5 21. Nb3 Ne3 22. Nxe3 dxe3 23. Bd4 Bxf3 24. Rxf3 Bxd4 25. Nxd4 Nc5 26. Qxe3 Rd5 27. Nb5 Qb6 28. Nd6 Qb2 29. Qc1 Rb8 30. Rf1 Na4 31. Rb1 Qxb1 32. Qxb1 Rxb1 33. Rxb1 Nb6 34. g3 Rc5 35. Rb2 Kf8 36. c4 Ke7 37. d4 Rc7 38. Rb4 Kd7 39. a4 Nc8 40. Nxc8 Kxc8 41. c5 Kd7 42. Kg2 Kc6 43. Kf3 Kd5 44. Ke3 g5 45. fxg5 Rg7 46. h4 h6 47. Kf4 hxg5+ 48. hxg5 Rh7 49. g6 Rg7 50. Kg5 a5 51. Rb5 Kxd4 52. Kf6 Rc7 53. g7 Rc8 54. Kxe6 Ke4 55. Rb7 Ra8 56. Kf7 1-0

[Event "Padova op-B 15th"]
[Site "Padova"]
[Date "2012.12.22"]
[Round "4"]
[White "Benedetti, Maurizio"]
[Black "Gennari, Andrea"]
[Result "1/2-1/2"]
[WhiteElo "1713"]
[BlackElo "1506"]
[PlyCount "135"]
[EventDate "2012.12.15"]
[EventType "swiss"]
[EventRounds "6"]
[EventCountry "ITA"]
[SourceTitle "EXT 2015"]
[Source "ChessBase"]
[SourceDate "2014.11.20"]
[SourceVersion "1"]
[SourceVersionDate "2014.11.20"]
[SourceQuality "1"]

1. c4 Nf6 2. g3 Nc6 3. Bg2 g6 4. Nc3 Bg7 5. Nf3 0-0 6. 0-0 d6 7. Rb1 Bf5 8. d3 Nd7 9. e4 Bg4 10. h3 Bxf3 11. Bxf3 Nde5 12. Be2 Nd4 13. f4 Nec6 14. b4 a6 15. a4 Qd7 16. Bg4 f5 17. exf5 Nxf5 18. Ne2 Ncd4 19. Nxd4 Bxd4+ 20. Kh2 Rae8 21. Bxf5 Qxf5 22. Bb2 Bxb2 23. Rxb2 e5 24. Rbf2 e4 25. dxe4 Qxe4 26. Qd5+ Qxd5 27. cxd5 Re4 28. Rc2 Rc8 29. Rfc1 Re7 30. b5 axb5 31. axb5 b6 32. Kg2 Kf7 33. Kf3 Kf6 34. Rc6 Kf5 35. g4+ Kf6 36. Rxd6+ Kf7 37. Rdc6 Rd8 38. Rxc7 Rxd5 39. Rxe7+ Kxe7 40. Rc7+ Kf6 41. Rxh7 Rxb5 42. g5+ Kf5 43. Rf7+ Ke6 44. Rf6+ Ke7 45. Rxg6 Rb3+ 46. Kg4 b5 47. Rf6 b4 48. h4 Rb1 49. h5 b3 50. h6 b2 51. Kf5 Rh1 52. Rb6 b1Q+ 53. Rxb1 Rxb1 54. Kg6 Rb6+ 55. Kg7 Ke6 56. h7 Rb7+ 57. Kh6 Rb8 58. g6 Kf5 59. Kg7 Rb7+ 60. Kh6 Rb8 61. Kg7 Rb7+ 62. Kh6 Rb8 63. g7 Rb6+ 64. Kh5 Rb1 65. Kh4 Kxf4 66. Kh3 Kf3 67. Kh2 Rb2+ 68. Kh3 1/2-1/2

[Event "Noale Szabados Memorial-B 3rd"]
[Site "Noale"]
[Date "2010.02.07"]
[Round "5"]
[White "Fochesato, Davide"]
[Black "Benedetti, Maurizio"]
[Result "1/2-1/2"]
[WhiteElo "1428"]
[BlackElo "1863"]
[PlyCount "36"]
[EventDate "2010.02.05"]
[EventType "swiss"]
[EventRounds "5"]
[EventCountry "ITA"]
[SourceTitle "EXT 2022"]
[Source "ChessBase"]
[SourceDate "2021.10.06"]
[SourceVersion "1"]
[SourceVersionDate "2021.10.06"]
[SourceQuality "1"]

1. e4 c5 2. Nf3 d6 3. d4 cxd4 4. Nxd4 Nf6 5. Nc3 e6 6. Be3 Nc6 7. f3 Bd7 8. Qd2 Nxd4 9. Bxd4 Bc6 10. Bd3 e5 11. Be3 Qa5 12. Bc4 Rc8 13. Bb3 Nd7 14. Nd5 Qxd2+ 15. Bxd2 Nc5 16. 0-0-0 Nxb3+ 17. axb3 Bxd5 18. exd5 Kd7 1/2-1/2

[Event "Mirandola Giovanni Pico 3rd"]
[Site "Mirandola"]
[Date "2010.01.17"]
[Round "5"]
[White "Benedetti, Maurizio"]
[Black "Carbone, Lorenzo"]
[Result "0-1"]
[WhiteElo "1863"]
[BlackElo "1751"]
[PlyCount "84"]
[EventDate "2010.01.15"]
[EventType "swiss"]
[EventRounds "5"]
[EventCountry "ITA"]
[SourceTitle "EXT 2024"]
[Source "ChessBase"]
[SourceDate "2023.10.10"]
[SourceVersion "1"]
[SourceVersionDate "2023.10.10"]
[SourceQuality "1"]

1. e4 c5 2. c3 d5 3. exd5 Qxd5 4. d4 cxd4 5. cxd4 Nc6 6. Nf3 Nf6 7. Nc3 Qd8 8. Be2 Bf5 9. Qa4 Bd7 10. 0-0 e6 11. Re1 Be7 12. a3 0-0 13. Qc2 h6 14. Qd3 a6 15. Bd1 b5 16. Bc2 b4 17. Ne4 Nxe4 18. Rxe4 f5 19. Re2 bxa3 20. bxa3 Bf6 21. Ne5 Nxe5 22. dxe5 Be7 23. Qg3 Kh7 24. Rd2 Qc7 25. Bd1 Bg5 26. Rc2 Qa5 27. f4 Be7 28. Be3 Rfd8 29. Qf2 Rdc8 30. Bf3 Rxc2 31. Qxc2 Rc8 32. Qd2 Qxd2 33. Bxd2 Rc2 34. Bb4 Bd8 35. Bb7 Bb6+ 36. Kf1 Bb5+ 37. Ke1 Re2+ 38. Kd1 Rxg2 39. Bd2 Rg1+ 40. Be1 Ba5 41. Kc2 Rxe1 42. Rxe1 Bxe1 0-1

[Event "Mirandola Giovanni Pico op 2nd"]
[Site "Mirandola"]
[Date "2009.01.10"]
[Round "3"]
[White "Setti, Massimo"]
[Black "Benedetti, Maurizio"]
[Result "0-1"]
[WhiteElo "1494"]
[BlackElo "1547"]
[PlyCount "98"]
[EventDate "2009.01.09"]
[EventType "swiss"]
[EventRounds "5"]
[EventCountry "ITA"]
[SourceTitle "EXT 2011"]
[Source "ChessBase"]
[SourceDate "2010.11.26"]
[SourceVersion "1"]
[SourceVersionDate "2010.11.26"]
[SourceQuality "1"]

1. c4 e5 2. Nc3 b6 3. e3 Bb7 4. d4 exd4 5. exd4 Nf6 6. Nf3 d5 7. cxd5 Nxd5 8. Be2 Bb4 9. Bd2 0-0 10. 0-0 Re8 11. Nxd5 Bxd2 12. Nxc7 Qxc7 13. Qxd2 Nc6 14. Rac1 Qd6 15. Bb5 a6 16. Bxc6 Bxc6 17. Rc3 Rad8 18. Qd1 Bxf3 19. Qxf3 Qxd4 20. Rc7 Qd5 21. Qxd5 Rxd5 22. g3 Rd2 23. f3 Rxb2 24. Rf2 Rxf2 25. Kxf2 g6 26. Rc6 Re6 27. Rc2 b5 28. f4 Re4 29. Kf3 Ra4 30. Ke3 h5 31. Kd3 h4 32. Ke3 Ra3+ 33. Kf2 hxg3+ 34. hxg3 b4 35. Kg2 a5 36. Kh3 Rc3 37. Rb2 Rc5 38. Kh4 Rh5+ 39. Kg4 Rb5 40. Kf3 a4 41. Ke4 b3 42. axb3 Rxb3 43. Ra2 a3 44. g4 Rb4+ 45. Ke5 Ra4 46. f5 gxf5 47. gxf5 Ra5+ 48. Kf6 Ra6+ 49. Kg5 Kg7 0-1

[Event "Padova Weekend op-B 8th"]
[Site "Padova"]
[Date "2005.12.17"]
[Round "4.35"]
[White "Benedetti, Maurizio"]
[Black "Peluso, Lorenzo"]
[Result "1-0"]
[WhiteElo "1559"]
[BlackElo "1428"]
[PlyCount "97"]
[EventDate "2005.12.10"]
[EventType "swiss"]
[EventRounds "6"]
[EventCountry "ITA"]
[SourceTitle "EXT 2024"]
[Source "ChessBase"]
[SourceDate "2023.10.10"]
[SourceVersion "1"]
[SourceVersionDate "2023.10.10"]
[SourceQuality "1"]

1. c4 e5 2. Nc3 Nc6 3. g3 Bc5 4. Bg2 Qf6 5. Ne4 Qe7 6. Nxc5 Qxc5 7. b3 Nge7 8. Bb2 b5 9. cxb5 Qxb5 10. Nf3 Ba6 11. Nxe5 d6 12. Nxc6 Nxc6 13. Rc1 Bb7 14. 0-0 0-0 15. Qc2 Nd4 16. Bxd4 Bxg2 17. Bxg7 Bxf1 18. Bxf8 Qb7 19. Qc6 Qxc6 20. Rxc6 Bxe2 21. Bh6 Rc8 22. Be3 Bf3 23. Ra6 Ra8 24. Rxa7 Rxa7 25. Bxa7 c5 26. d4 cxd4 27. Bxd4 f5 28. b4 Kf7 29. b5 Ke6 30. b6 Bc6 31. a4 Kd7 32. a5 Kc8 33. a6 Bb5 34. a7 Kb7 35. f4 Bc6 36. Kf2 Kc8 37. Ke3 Kd7 38. Bb2 Kc8 39. Kd4 Kb7 40. Ba3 Kxb6 41. Bxd6 Kxa7 42. Ke5 h5 43. Kxf5 Bf3 44. h3 Kb7 45. g4 Kc6 46. Be5 Kd7 47. g5 Ke8 48. g6 Kf8 49. Kg5 1-0

[Event "Padova op-B 7th"]
[Site "Padova"]
[Date "2004.12.11"]
[Round "1"]
[White "Benedetti, Maurizio"]
[Black "Simioni, Tiziano"]
[Result "0-1"]
[WhiteElo "1523"]
[BlackElo "1763"]
[PlyCount "67"]
[EventDate "2004.12.11"]
[EventType "swiss"]
[EventRounds "6"]
[EventCountry "ITA"]
[SourceTitle "EXT 2023"]
[Source "ChessBase"]
[SourceDate "2022.10.05"]
[SourceVersion "1"]
[SourceVersionDate "2022.10.05"]
[SourceQuality "1"]

1. e4 e6 2. d4 d5 3. Nd2 Nf6 4. e5 Nfd7 5. Bd3 c5 6. c3 Nc6 7. Ne2 Qb6 8. Nf3 Be7 9. 0-0 f5 10. Nf4 Nf8 11. Re1 Bd7 12. Bc2 cxd4 13. cxd4 g5 14. Nxg5 0-0-0 15. Nf7 Ng6 16. Nxh8 Rxh8 17. Nxg6 hxg6 18. Ba4 Nxd4 19. Bxd7+ Kxd7 20. Be3 Bc5 21. Qa4+ Nc6 22. Bxc5 Qxc5 23. Rac1 Qd4 24. Qxd4 Nxd4 25. h3 g5 26. Kf1 f4 27. Rc3 Nc6 28. Rec1 Rb8 29. g3 Nxe5 30. gxf4 gxf4 31. h4 Nc6 32. h5 e5 33. h6 e4 34. h7 0-1

[Event "Rivarolo Mantovano op"]
[Site "Rivarolo Mantovano"]
[Date "2003.10.19"]
[Round "6"]
[White "Zordan, Giovanni"]
[Black "Benedetti, Maurizio"]
[Result "1-0"]
[WhiteElo "1453"]
[BlackElo "1522"]
[PlyCount "59"]
[EventDate "2003.10.11"]
[EventType "swiss"]
[EventRounds "6"]
[EventCountry "ITA"]
[SourceTitle "EXT 2007"]
[Source "ChessBase"]
[SourceDate "2006.11.23"]
[SourceVersion "1"]
[SourceVersionDate "2006.11.23"]
[SourceQuality "1"]

1. d4 Nf6 2. Nf3 g6 3. c4 Bg7 4. Nc3 c6 5. b3 Qc7 6. g3 d6 7. Bg2 0-0 8. 0-0 Nbd7 9. Bb2 e5 10. d5 Nc5 11. Ng5 h6 12. Nge4 Ncxe4 13. Nxe4 Nxe4 14. Bxe4 f5 15. Bg2 e4 16. Bxg7 Kxg7 17. Qd4+ Kf7 18. f3 exf3 19. Rxf3 c5 20. Qf2 Bd7 21. e4 Kg7 22. Rf1 Qc8 23. g4 fxg4 24. Rf7+ Kg8 25. Qf6 Rxf7 26. Qxf7+ Kh8 27. Qe7 g5 28. Rf7 Qe8 29. Rh7+ Kg8 30. Qg7# 1-0

[Event "Rivarolo Mantovano op"]
[Site "Rivarolo Mantovano"]
[Date "2003.10.11"]
[Round "1"]
[White "Benedetti, Maurizio"]
[Black "Mussap, Angelo"]
[Result "0-1"]
[WhiteElo "1522"]
[BlackElo "1807"]
[PlyCount "51"]
[EventDate "2003.10.11"]
[EventType "swiss"]
[EventRounds "6"]
[EventCountry "ITA"]
[SourceTitle "EXT 2007"]
[Source "ChessBase"]
[SourceDate "2006.11.23"]
[SourceVersion "1"]
[SourceVersionDate "2006.11.23"]
[SourceQuality "1"]

1. e4 c5 2. Nf3 d6 3. c3 Nf6 4. d3 Nc6 5. Na3 Bg4 6. Be2 e6 7. Nc4 Be7 8. h3 Bh5 9. 0-0 0-0 10. Re1 Qd7 11. Bf4 Rad8 12. Bh2 b5 13. Ne3 Qb7 14. g4 Bg6 15. Nh4 Nd7 16. Nxg6 fxg6 17. Ng2 e5 18. f4 h6 19. f5 g5 20. Bg3 Bf6 21. Qb3+ Kh7 22. h4 c4 23. Qd1 d5 24. hxg5 hxg5 25. Bf3 dxe4 26. Bxe4 0-1

[Event "Crema op 05th"]
[Site "Crema"]
[Date "2003.09.06"]
[Round "4"]
[White "Benedetti, Maurizio"]
[Black "Humel, Andrea"]
[Result "1/2-1/2"]
[WhiteElo "1564"]
[BlackElo "1546"]
[PlyCount "64"]
[EventDate "2003.09.05"]
[EventType "swiss"]
[EventRounds "6"]
[EventCountry "ITA"]
[SourceTitle "EXT 2007"]
[Source "ChessBase"]
[SourceDate "2006.11.23"]
[SourceVersion "1"]
[SourceVersionDate "2006.11.23"]
[SourceQuality "1"]

1. e4 c6 2. d4 d5 3. Nc3 dxe4 4. Nxe4 Nf6 5. Nxf6+ exf6 6. Nf3 Be6 7. Bd3 Bd6 8. c4 0-0 9. Qc2 g6 10. Bh6 Re8 11. 0-0-0 Qc7 12. g3 Qa5 13. c5 Be7 14. Bc4 Bxc4 15. Qxc4 Nd7 16. Bd2 Qd8 17. Bc3 b5 18. Qd3 a5 19. b4 axb4 20. Bxb4 Rxa2 21. Nd2 Bf8 22. Kb1 Qa8 23. Qc3 Bh6 24. f4 f5 25. Rhe1 Rxe1 26. Rxe1 Nf6 27. Nf3 Nd5 28. Qb3 Nxb4 29. Qxb4 Ra1+ 30. Kc2 Ra2+ 31. Kd3 Ra4 32. Qb1 Ra3+ 1/2-1/2

[Event "Crema op 04th"]
[Site "Crema"]
[Date "2002.09.06"]
[Round "2"]
[White "Vetturi, Pietro"]
[Black "Benedetti, Maurizio"]
[Result "1-0"]
[WhiteElo "1600"]
[BlackElo "1458"]
[PlyCount "45"]
[EventDate "2002.09.06"]
[EventType "swiss"]
[EventRounds "6"]
[EventCountry "ITA"]
[SourceTitle "EXT 2007"]
[Source "ChessBase"]
[SourceDate "2006.11.23"]
[SourceVersion "1"]
[SourceVersionDate "2006.11.23"]
[SourceQuality "1"]

1. d4 g6 2. c4 Nf6 3. Nc3 d5 4. cxd5 Nxd5 5. e4 Nxc3 6. bxc3 Bg7 7. Bc4 0-0 8. Ne2 c5 9. 0-0 Nc6 10. Be3 Qa5 11. Qb3 cxd4 12. cxd4 Rd8 13. Bxf7+ Kh8 14. Rfd1 Qc7 15. Rac1 Qd7 16. d5 Ne5 17. Be6 Qd6 18. Bc5 Qa6 19. Nd4 Bxe6 20. Nxe6 Rd7 21. Nxg7 Kxg7 22. Bd4 Qd6 23. Qc3 1-0

[Event "Padova Fornace op 4th"]
[Site "Padova"]
[Date "2001.12.23"]
[Round "6.30"]
[White "Traversi, Carlo"]
[Black "Benedetti, Maurizio"]
[Result "1-0"]
[WhiteElo "1561"]
[BlackElo "1500"]
[PlyCount "65"]
[EventDate "2001.12.15"]
[EventType "swiss"]
[EventRounds "6"]
[EventCountry "ITA"]
[SourceTitle "EXT 2024"]
[Source "ChessBase"]
[SourceDate "2023.10.10"]
[SourceVersion "1"]
[SourceVersionDate "2023.10.10"]
[SourceQuality "1"]

1. e4 d6 2. d4 Nf6 3. Nc3 g6 4. Nf3 Bg7 5. Be2 0-0 6. 0-0 c5 7. dxc5 dxc5 8. Be3 b6 9. Qxd8 Rxd8 10. Rfd1 Nc6 11. Rxd8+ Nxd8 12. Rd1 Bg4 13. h3 Bxf3 14. Bxf3 e5 15. Rd6 Ne6 16. Nd5 Nd4 17. Nxf6+ Bxf6 18. Bxd4 cxd4 19. Rxf6 Rc8 20. Bd1 d3 21. c3 Rd8 22. Kf1 Kf8 23. Ke1 Ke7 24. Rf3 d2+ 25. Ke2 Ke6 26. Rd3 Rxd3 27. Kxd3 f5 28. exf5+ Kxf5 29. Kxd2 g5 30. Ke3 h6 31. Bg4+ Kg6 32. Ke4 Kf6 33. b4 1-0